Del voluntariado al turismo de voluntariado un estudio de caso en la Provincia Canossiana Nuestra Señora de Luján (Argentina-Paraguay) /

En esta investigación se indagará acerca de la articulación que se observa entre el voluntariado y el Turismo de Voluntariado, a partir del estudio de caso de un voluntariado, organizado por el Instituto religioso Hijas de la Caridad, Siervas de los Pobres, más conocidas como Hermanas Canossianas, e...

Descripción completa

Detalles Bibliográficos
Otros Autores: Lodos, María Lourdes (Disertante), Monachesi, Alejandra Marina (Orientador), Tonellotto, Sandra Elena (Orientador)
Formato: Tesis eBook
Lenguaje:Espa�ol
Publicado: 2022.
Materias:
Acceso en línea:Repositorio digital del Departamento de Geografía y Turismo
Etiquetas: Agregar Etiqueta
Sin Etiquetas, Sea el primero en etiquetar este registro!

MARC

LEADER 00000nam a22000004a 4500
001 AR-BbUGT58303
003 AR-BbUGT
005 20230929093410.0
007 cr nn nnnan|a|
008 200706s2022 ag a om 000 0 spa d
040 |a AR-BbUGT  |c AR-BbUGT  |e aacr 
082 0 4 |2 21  |a 380.14 
082 0 4 |a 338.4791  |2 21 
100 1 |a Lodos, María Lourdes.  |4 dis 
245 1 0 |a Del voluntariado al turismo de voluntariado   |h [Recurso electrónico] :  |b un estudio de caso en la Provincia Canossiana Nuestra Señora de Luján (Argentina-Paraguay) /  |c tesista: Lodos, María Lourdes ; directora: Monachesi, Alejandra Marina ; co-directora: Tonellotto, Sandra Elena. 
260 |c 2022. 
300 |a 1 recurso en línea  
500 |a Descripción basada en el recurso electrónico; título tomado del PDF, (visto el 13 de septiembre de 2022).  
500 |a "Tesina de Licenciatura en Turismo" (Port. )  
502 |g Tesis  |b Grado  |c Universidad Nacional del Sur, Departamento de Geografía y Turismo.  |d 2022  |o 6103 
506 0 |a Acceso abierto. 
520 2 |a En esta investigación se indagará acerca de la articulación que se observa entre el voluntariado y el Turismo de Voluntariado, a partir del estudio de caso de un voluntariado, organizado por el Instituto religioso Hijas de la Caridad, Siervas de los Pobres, más conocidas como Hermanas Canossianas, en la Provincia Religiosa Nuestra Señora de Luján, Argentina-Paraguay. El área de estudio se encuentra en un entorno transfronterizo que le otorga características particulares y en un contexto de crecimiento de la actividad turística en los últimos años. 
538 |a Modo de acceso: Internet.  
540 |a Atribución – No Comercial – Sin Obra Derivada (by-nc-nd)  |u http://creativecommons.org/licenses/by-nc-nd/4.0/ 
653 0 |a Turismo de Voluntariado 
653 0 |a Turismo religioso 
700 1 |a Monachesi, Alejandra Marina.  |4 ths 
700 1 |a Tonellotto, Sandra Elena.  |4 ths 
710 2 |a Universidad Nacional del Sur.  |b Departamento de Geografía y Turismo  |e dgg  |9 48 
856 4 0 |u https://repositoriodigital.uns.edu.ar/handle/123456789/6103  |y Repositorio digital del Departamento de Geografía y Turismo  |3 Texto completo.  |7 0  |2 http 
942 |c BK  |2 ddc  |e 21  |h 338.4791  |6 338_479100000000000 
999 |c 16074  |d 16074